| 000 | 00434cam a2200169ua 4500 | ||
|---|---|---|---|
| 041 |
_aeng _h |
||
| 082 |
_a808.2 _bHUB/WR |
||
| 100 | _aHubell, George Shelton . | ||
| 245 |
_aWriting term papers and reports / _cGeorge Shelton Hubell. _hTextual Documents |
||
| 250 |
_a4 / _b. |
||
| 260 |
_aNew York : _bBarnes & Noble , _c1958. |
||
| 300 | _a164 ; . | ||
| 500 | _a**Reference | ||
| 504 | _a | ||
| 942 | _cBK | ||
| 999 |
_c7907 _d7907 |
||